000 00476nam a22001817a 4500
003 CEME
005 20210628201646.0
008 210212b xxu||||| |||| 00| 0 eng d
020 _a0-02-427620-0
040 _c.
082 _a547.0028 WIL
100 _aWilcox, Charles.F
_956212
245 _aExperimental organic chemistry a small scale approach
260 _aNEW YORK
_bMACMILLAN
_c1988
300 _aXIX,491P
650 _aCHEMISTRY, ORGANIC
_91252
942 _cBK
_2ddc
999 _c566703
_d566703